|
|
|
|
| LEADER |
00000nab a2200000 a 4500 |
| 001 |
vtls000837386 |
| 003 |
SK-MaSNL |
| 005 |
20260304112234.0 |
| 008 |
250429c2003 xo 0 slo |
| 015 |
|
|
|a SNBRB2003/06-17741
|
| 035 |
|
|
|a CLN000189041
|
| 035 |
|
|
|a urn:nbn:sk:snk-ab3109
|
| 035 |
|
|
|a (urnnbn)urn:nbn:sk:snk:ar-a04iri
|
| 035 |
|
|
|a (uuid)11b7a33d-6e0f-4c07-99c7-8bc3d091c999
|
| 040 |
|
|
|a SNKBUCL
|b slo
|c SNKBUCL
|e AACR2
|
| 041 |
0 |
|
|a slo
|
| 044 |
|
|
|a xo
|c SK
|
| 080 |
|
|
|a 331.024.3(437.6)
|2 1997
|
| 080 |
|
|
|a 658.5.015.3(437.6)
|2 1997
|
| 100 |
1 |
|
|a Luptáková, Stanislava
|4 aut
|
| 245 |
1 |
0 |
|a Vyhodnocovanie pracovných výkonov ako súčasť manažérskej práce na Slovensku
|c Stanislava Luptáková, Branislav Vargic
|
| 300 |
|
|
|b Tab.
|
| 504 |
|
|
|a Res. angl., nem., slov. v obsahu
|
| 650 |
0 |
7 |
|a pracovný výkon
|2 snkbucl
|9 88644
|
| 655 |
|
7 |
|a články z novín a časopisov
|2 snkbucl
|9 267496
|
| 700 |
1 |
|
|a Vargic, Branislav,
|d 1939-
|4 aut
|9 7852
|
| 773 |
0 |
|
|t Horizonty dopravy
|g Roč. 11, č. 1 (2003), s. 22-25
|x 1210-0978
|
| 850 |
|
|
|a Slovenská národná knižnica
|
| 852 |
|
|
|a Slovenská národná knižnica
|
| 954 |
|
|
|a odborná, vedecká literatúra pôvodná (slovenská)
|2 lita
|
| 958 |
|
|
|a article27
|
| 958 |
|
|
|a OND
|
| 958 |
|
|
|a SK
|
| 958 |
|
|
|a EUIPO
|
| 992 |
|
|
|a RBX
|
| 999 |
|
|
|c 2864821
|d 2866751
|